Kurzové riziká spoločností
Kurzové riziká v zahraničnom obchode. Kurzové riziká i napriek prijatiu spoločnej meny euro. Volatilita menových kurzov. Formy zaistenia sa voči prípadným významným zmenám výmenných kurzov.
Enregistré dans:
| Auteur principal: | |
|---|---|
| Format: | Chapitre de livre |
| Langue: | slovaque |
| Sujets: | |
| Tags: |
Pas de tags, Soyez le premier à ajouter un tag!
|
MARC
| LEADER | 00000naa$a2200000$$$4500 | ||
|---|---|---|---|
| 001 | 0155053 | ||
| 005 | 20240502072727.6 | ||
| 041 | 0 | |a slo | |
| 044 | |a SK | ||
| 245 | 1 | 0 | |a Kurzové riziká spoločností |c Miroslav Kmeťko |
| 520 | |a Kurzové riziká v zahraničnom obchode. Kurzové riziká i napriek prijatiu spoločnej meny euro. Volatilita menových kurzov. Formy zaistenia sa voči prípadným významným zmenám výmenných kurzov. | ||
| 610 | 2 | 0 | |a riziko kurzové |
| 610 | 2 | 0 | |a kurz menový |
| 610 | 2 | 0 | |a euro |
| 610 | 2 | 0 | |a obchod zahraničný |
| 610 | 2 | 0 | |a volatilita |
| 610 | 2 | 0 | |a deriváty |
| 610 | 2 | 0 | |a burzy |
| 610 | 2 | 0 | |a forwardy |
| 610 | 2 | 0 | |a banky |
| 610 | 2 | 0 | |a firmy |
| 610 | 2 | 0 | |a spoločnosti |
| 100 | 1 | |a Kmeťko, Miroslav, 1969- | |